| 000 | 00364nam a2200145Ia 4500 | ||
|---|---|---|---|
| 005 | 20250729165753.0 | ||
| 008 | 250729s2014 xx 000 0 und d | ||
| 041 | _aeng | ||
| 082 | _a530 SUNW | ||
| 100 |
_aSundara Surukkai _9232571 |
||
| 245 | _aWhat is Science ? | ||
| 260 |
_aNew Delhi _bHalluru Prakashana _c2014 |
||
| 300 | _a229p | ||
| 650 |
_aScience _9232572 |
||
| 999 |
_c239849 _d239849 |
||